El desarrollo de proveedores mineros en Australia: implicancias para Chile

-д хадгалсан:
Номзүйн дэлгэрэнгүй
Үндсэн зохиолчид: Meller Bock, Patricio (autor), Gana, Joaquín (Зохиогч)
Формат: Ном
Хэл сонгох:испани
Хэвлэсэн: Santiago Cieplan 2015
Хэвлэл:1a. ed
Цуврал:Programa Cieplanutalca
Нөхцлүүд:
Шошгууд: Шошго нэмэх
Шошго байхгүй, Энэхүү баримтыг шошголох эхний хүн болох!

MARC

LEADER 00000cam a2200000 a 4500
001 UCD7336
003 CL-VaPUC
008 170317e20151200cl |||||||||||||||||spa|d
020 |a 9789562040549 
082 0 4 |a 338.2  |b MEL  |2 21 
100 |a Meller Bock, Patricio  |e autor  |9 603136 
700 0 |a Gana, Joaquín  |e author  |9 591327 
245 1 3 |a El desarrollo de proveedores mineros en Australia: implicancias para Chile 
250 |a 1a. ed 
300 |a 72 p 
942 |c BK 
945 |d 20170317 22:16:00  |a arojas 
260 |a Santiago  |b Cieplan  |c 2015 
650 0 |a Proveedores   |9 494563 
650 0 |a Industria minera  |9 260256 
651 0 |a Australia  |9 262077 
651 7 |a CHILE  |2 CL-VaPUC  |9 591328 
583 |a last modification  |c 20170317 22:16:00  |k Rodrigo Vera 
490 0 |a Programa Cieplanutalca 
999 |c 367398  |d 367396 
952 |0 0  |1 0  |3 erb  |4 0  |6 338_200000000000000_MEL_2015  |7 0  |8 A  |9 482250  |a BIBGIM  |b BIBGIM  |i 5381509  |o 338.2 MEL 2015  |p 5381509  |r 2025-01-15  |w 2019-11-24  |y BK  |z Catalogado en:20170317  |k GIM